| 000 | 00717nam a22002057a 4500 | ||
|---|---|---|---|
| 999 |
_c4503 _d4503 |
||
| 003 | AR-CdUCM | ||
| 008 | 190308b ||||| |||| 00| 0 spa d | ||
| 040 |
_aMUNICIPALIDAD PROVINCIAL DEL CUSCO _cBIBLIOTECA MUNICIPAL DEL CUSCO |
||
| 082 |
_a301.16 / _bR89 |
||
| 100 |
_aRozas Navarro, Mario _914131 |
||
| 245 |
_aDesde el hombre de Neanderthal : _bReseña histórica de la comunicación social / |
||
| 260 | _aLima : | ||
| 300 |
_a90 paginas ; _c20 cm. |
||
| 505 | _aContenido :El lenguaje --La escritura --La escritura de los incas --El correo postal -- La imprenta ... | ||
| 650 |
_aComunicación _94985 |
||
| 650 |
_aAspectos sociales _9262 |
||
| 650 |
_aHistoria _9136 |
||
| 942 |
_2ddc _cLIBROS |
||
| 945 | _arjall | ||